000 00620nam a2200229Ia 4500
003 OSt
005 20220925230742.0
006 a|||||r|||| 00| 0
007 ta
008 220923b |||||||| |||| 00| 0 eng d
037 _cGeneral Book
040 _aRTL
_cRTL
_beng
041 _2eng
_aeng
082 _aXxM99, L9
100 _aBarry Norman P
_915791
245 0 _aHayek's social and economic philosophy
260 _aLonodn
_bMacmillan
_c1979
300 _axi, 228p
_ccm.
500 _aBibliography: P 1979
942 _hXxM99, L9
_cGB
_2CC
999 _c586508
_d586508